1966 Batman Actors - Statistics

General Stats
  • This quiz has been taken 269 times
  • The average score is 11 of 28
Answer Stats
Hint Answer % Correct
Batman Adam West
100%
Robin Burt Ward
83%
Joker Cesar Romero
81%
Penguin Burgess Meredith
68%
Catwoman #3 Eartha Kitt
64%
Riddler Frank Gorshin
61%
Catwoman #1 Julie Newmar
61%
Egghead Vincent Price
50%
Catwoman #2 Lee Meriwether
43%
Alfred Alan Napier
36%
Batgirl Yvonne Craig
36%
Louie the Lilac Milton Berle
30%
Mr. Freeze #2 Otto Preminger
29%
Bookworm Roddy McDowall
28%
Siren Joan Collins
27%
Ma Parker Shelley Winters
27%
King Tut Victor Buono
27%
Shame Cliff Robertson
25%
Commissioner Gordon Neil Hamilton
25%
Chief O'Hara Stafford Repp
25%
Marsha, Queen of Diamonds Carolyn Jones
23%
Aunt Harriet Cooper Madge Blake
23%
Mr. Freeze #1 George Sanders
22%
Black Widow Tallulah Bankhead
22%
Mr. Freeze #3 Eli Wallach
19%
Minerva Zsa Zsa Gabor
19%
Archer Art Carney
18%
Lola Lasagne Ethel Merman
18%
No matching quizzes found
Score Distribution
Percent of People with Each Score
Percentile by Number Answered
Your Score History
You have not taken this quiz